Die Krumauer „Sprach-Passion“ von 1649-1653 und 1710-1720: Eine Studie zum Stellenwert von „Sprache“ und „Nation“ in der Frühen Neuzeit
| Titel: | Die Krumauer „Sprach-Passion“ von 1649-1653 und 1710-1720: Eine Studie zum Stellenwert von „Sprache“ und „Nation“ in der Frühen Neuzeit / Pavel Himl |
|---|---|
| Verfasser: | |
| In: |
Bohemia, Band 57, Heft 2 (2017), Seite 273-321 alle Artikel anzeigen |
| Veröffentlicht: | 2017 |
| Format: | Aufsatz |
| Sprache: | Deutsch |
X
alg: 49242279 001A $03025:29-03-22 001B $01999:15-02-23 $t22:58:32.000 001D $03025:29-03-22 001U $0utf8 001X $00 002@ $0Oou 002C $aText $btxt $2rdacontent 002D $aComputermedien $bc $2rdamedia 002E $aOnline-Ressource $bcr $2rdacarrier 003@ $0492422796 007A $0492422796 $aHEB 009Q $S0 $uhttps://doi.org/10.18447/BoZ-2017-4255 $xH 010@ $ager 010E $erda 011@ $a2017 021A $aDie @Krumauer „Sprach-Passion“ von 1649-1653 und 1710-1720: Eine Studie zum Stellenwert von „Sprache“ und „Nation“ in der Frühen Neuzeit $hPavel Himl 028A $BVerfasser $4aut $71146381085 $8Himl, Pavel$Z1971- [Tp3] $9422569542 031A $d57 $e2 $h273-321 $j2017 039B $aEnthalten in $8--Obvc--. Bohemia. - München : Collegium Carolinum, 1960-. - Online-Ressource $x201700000570002727 $909922786X 044K $RKrumau $RKrumau $#Krumlov $#Krumau $71076138969 $8Český Krumlov [Tg1] $9363719083 044K $#Language and languages $#Langage et langues $#Sprachen $74056449-6 $8Sprache [Ts1] $9085157090 044K $#Nation-state $#Nation $#Nation $#Nation $#Nationalgedanke $#Nationale Frage Nation $#Nationen $74041279-9 $8Nation [Ts1] $9085112968 044K $#Konflikt $#Konflikt $#Conflict $#Konflikte $74032081-9 $8Konflikt [Ts1] $9085085464 045F $a900.943710903 $eDDC23BSB 045F/01 $a900 045F/03 $f09032 045F/03 $f09033 045F/03 $g4371 045R $aGeschichte 1649-1720 045T $a7,41 lok: 49242279 3 exp: 49242279 3 1 #EPN 201B/01 $015-02-23 $t22:58:32.367 201C/01 $015-02-23 201U/01 $0utf8 203@/01 $01227516266 208@/01 $a15-02-23 $bl 209S/01 $S0 $uhttps://doi.org/10.18447/BoZ-2017-4255 $XH lok: 49242279 5 exp: 49242279 5 1 #EPN 201B/01 $015-02-23 $t22:58:32.375 201C/01 $015-02-23 201U/01 $0utf8 203@/01 $01227516274 208@/01 $a15-02-23 $bl 209S/01 $S0 $uhttps://doi.org/10.18447/BoZ-2017-4255 $XH lok: 49242279 8 exp: 49242279 8 1 #EPN 201B/01 $015-02-23 $t22:58:32.379 201C/01 $015-02-23 201U/01 $0utf8 203@/01 $01227516282 208@/01 $a15-02-23 $bl 209S/01 $S0 $uhttps://doi.org/10.18447/BoZ-2017-4255 $XH lok: 49242279 11 exp: 49242279 11 1 #EPN 201B/01 $015-02-23 $t22:58:32.381 201C/01 $015-02-23 201U/01 $0utf8 203@/01 $01227516290 208@/01 $a15-02-23 $bl 209S/01 $S0 $uhttps://doi.org/10.18447/BoZ-2017-4255 $XH lok: 49242279 21 exp: 49242279 21 1 #EPN 201B/01 $015-02-23 $t22:58:32.384 201C/01 $015-02-23 201U/01 $0utf8 203@/01 $01227516304 208@/01 $a15-02-23 $bl 209S/01 $S0 $uhttps://doi.org/10.18447/BoZ-2017-4255 $XH lok: 49242279 23 exp: 49242279 23 1 #EPN 201B/01 $015-02-23 $t22:58:32.387 201C/01 $015-02-23 201U/01 $0utf8 203@/01 $01227516312 208@/01 $a15-02-23 $bl 209S/01 $S0 $uhttps://doi.org/10.18447/BoZ-2017-4255 $XH lok: 49242279 49 exp: 49242279 49 1 #EPN 201B/01 $015-02-23 $t22:58:32.390 201C/01 $015-02-23 201U/01 $0utf8 203@/01 $01227516320 208@/01 $a15-02-23 $bl 209S/01 $S0 $uhttps://doi.org/10.18447/BoZ-2017-4255 $XH lok: 49242279 78 exp: 49242279 78 1 #EPN 201B/01 $029-03-22 $t16:57:10.000 201C/01 $029-03-22 201U/01 $0utf8 203@/01 $01188417487 208@/01 $a29-03-22 $be 209A/01 $a/ $f000 $x00 209A/01 $ab*p $x01 209A/01 $aEnglische Zusammenfassung: The Krumau "Language Passion" of 1649-1653 and 1710-1720: On the Value of “Language” and “Nation” in the Early Modern Era; französische Zusammenfassung: La "passion linguistique" de Krumlov en 1649-1653 et en 1710-1720: Une étude sur la position de la „langue“ et de la „nation“ aux Temps modernes; tschechische Zusammenfassung: Českokrumlovský jazykový spor z let 1649-1653 a 1710-1720. Studie k postavení „jazyka“ a „národa“ v raném novověku $x03 220C/01 $apgar 244Z/01 $#Böhmische Kronländer $#Länder der Böhmischen Krone $#Sudetenland $#Böhmen $#Mähren $#Mährisch-Schlesien $#Österreichisch-Schlesien $#Tschechische Sozialistische Republik Böhmische Länder $#Tschechei Böhmische Länder $#Země koruny české $74069573-6 $8--Tg1--Böhmische Länder $x01 $9085195553 247C/01 $82080>Marburg/Lahn, Herder-Institut, Forschungsbibliothek, Bibliographieportal $9336309341 lok: 49242279 204 exp: 49242279 204 1 #EPN 201B/01 $015-02-23 $t22:58:32.393 201C/01 $015-02-23 201U/01 $0utf8 203@/01 $01227516339 208@/01 $a15-02-23 $bl 209S/01 $S0 $uhttps://doi.org/10.18447/BoZ-2017-4255 $XH lok: 49242279 205 exp: 49242279 205 1 #EPN 201B/01 $015-02-23 $t22:58:32.397 201C/01 $015-02-23 201U/01 $0utf8 203@/01 $01227516347 208@/01 $a15-02-23 $bl 209S/01 $S0 $uhttps://doi.org/10.18447/BoZ-2017-4255 $XH
| LEADER | 00000caa a2200000 c 4500 | ||
|---|---|---|---|
| 001 | 492422796 | ||
| 003 | DE-603 | ||
| 005 | 20230215225832.0 | ||
| 007 | cr|||||||||||| | ||
| 008 | 220329s2017 xx |||| o| u00||u|ger c | ||
| 035 | |a (DE-599)HEB492422796 | ||
| 040 | |a DE-603 |b ger |c DE-603 |d DE-603 |e rda | ||
| 041 | |a ger | ||
| 082 | 0 | 4 | |8 1\u |a 900.943710903 |q DE-101 |2 23/BSB |
| 084 | |a 7,41 |2 ssgn | ||
| 085 | |8 1\u |b 900 | ||
| 085 | |8 1\u |z 1 |s 09032 | ||
| 085 | |8 1\u |z 1 |s 09033 | ||
| 085 | |8 1\u |z 2 |s 4371 | ||
| 100 | 1 | |a Himl, Pavel |d 1971- |e Verfasser |4 aut |0 (DE-603)422569542 |0 (DE-588)1146381085 |2 gnd | |
| 245 | 0 | 0 | |a Die Krumauer „Sprach-Passion“ von 1649-1653 und 1710-1720: Eine Studie zum Stellenwert von „Sprache“ und „Nation“ in der Frühen Neuzeit |c Pavel Himl |
| 264 | 0 | |c 2017 | |
| 336 | |a Text |b txt |2 rdacontent | ||
| 337 | |a Computermedien |b c |2 rdamedia | ||
| 338 | |a Online-Ressource |b cr |2 rdacarrier | ||
| 648 | 7 | |a Geschichte 1649-1720 |2 gnd | |
| 650 | 7 | |a Sprache |0 (DE-588)4056449-6 |0 (DE-603)085157090 |2 gnd | |
| 650 | 7 | |a Nation |0 (DE-588)4041279-9 |0 (DE-603)085112968 |2 gnd | |
| 650 | 7 | |a Konflikt |0 (DE-588)4032081-9 |0 (DE-603)085085464 |2 gnd | |
| 651 | 7 | |a Český Krumlov |0 (DE-588)1076138969 |0 (DE-603)363719083 |2 gnd | |
| 773 | 0 | 8 | |i Enthalten in |t Bohemia |d München : Collegium Carolinum, 1960- |h Online-Ressource |g Band 57, Heft 2 (2017), Seite 273-321 |w (DE-603)09922786X |w (DE-600)2050872-4 |
| 856 | |u https://doi.org/10.18447/BoZ-2017-4255 |x Verlag |z kostenfrei | ||
| 924 | 1 | |9 603 |a (DE-603)1227516266 |b DE-603 |c HES |d d | |
| 924 | 1 | |9 603 |a (DE-603)1227516274 |b DE-603 |c HES |d d | |
| 924 | 1 | |9 603 |a (DE-603)1227516282 |b DE-603 |c HES |d d | |
| 924 | 1 | |9 603 |a (DE-603)1227516290 |b DE-603 |c HES |d d | |
| 924 | 1 | |9 603 |a (DE-603)1227516304 |b DE-603 |c HES |d d | |
| 924 | 1 | |9 603 |a (DE-603)1227516312 |b DE-603 |c HES |d d | |
| 924 | 1 | |9 603 |a (DE-603)1227516320 |b DE-603 |c HES |d d | |
| 924 | 1 | |9 2080 |a (DE-603)1188417487 |b DE-2080 |c HES |d d |g / | |
| 924 | 1 | |9 603 |a (DE-603)1227516339 |b DE-603 |c HES |d d | |
| 924 | 1 | |9 603 |a (DE-603)1227516347 |b DE-603 |c HES |d d | |


